期刊信息 |
| 索取号 |
O6/CJC
|
| 题名 |
CHINESE JOURNAL OF CHEMISTRY
|
| 作者 |
Shanghai Institute of Organic Chemistry(SIOC),Chinese Academy of Sciences(CAS)
|
| 分册号 |
|
| 分册名 |
|
| 出版地 |
上海
|
| 出版者 |
Shanghai Institute for Science and Technoligy
|
| 标准刊号 |
1001-604X
|
| 出版频率 |
月刊
|
| 中图法分类 |
O6
|
| 主题词 |
化学
|
| 电子资源 | |
| |
|
| 000 | 00750nam0 2200241 450 | |
| 001 | 1656961969 | |
| 005 | 20170103172144.15 | |
| 011 | @a1001-604X@dCNY100.00(2016) | |
| 091 | @aCN31-1547/O6 | |
| 092 | @b4-646 | |
| 100 | @a20161130d km y0chiy0120 ea | |
| 101 | 0 | @aeng |
| 102 | @aCN@b310000 | |
| 200 | 1 | @aCHINESE JOURNAL OF CHEMISTRY@d=中国化学@fShanghai Institute of Organic Chemistry(SIOC),Chinese Academy of Sciences(CAS)@zchi |
| 210 | @a上海@cShanghai Institute for Science and Technoligy | |
| 326 | @a月刊 | |
| 510 | @a中国化学 | |
| 606 | 0 | @a化学 |
| 690 | @aO6@v4 | |
| 701 | 0 | @aShanghai Institute of Organic Chemistry@bSIOC |
| 701 | 0 | @aChinese Academy of Sciences@bCAS |
| 801 | 0 | @aCN@bNISOFT@c20170103 |
| 905 | @a10447@dO6@eCJC | |
| CHINESE JOURNAL OF CHEMISTRY=中国化学/Shanghai Institute of Organic Chemistry(SIOC),Chinese Academy of Sciences(CAS).-上海:Shanghai Institute for Science and Technoligy |
| ←并列题名:中国化学 |
| ISSN 1001-604X:CNY100.00(2016) |
| ● |
| 相关链接: |
|
|
|
|